[Event "Madrid San Viator op-B 30th"]
[Site "Madrid"]
[Date "2018.04.22"]
[Round "3"]
[White "Moreno Payo, Jesus"]
[Black "Aguilar Guzman, Reynaldo"]
[Result "0-1"]
[WhiteElo "1146"]
[BlackElo "1465"]
[PlyCount "98"]
[EventDate "2018.04.08"]
[EventType "swiss"]
[EventRounds "9"]
[EventCountry "ESP"]
[SourceTitle "EXT 2019"]
[Source "ChessBase"]
[SourceDate "2018.10.10"]
[SourceVersion "1"]
[SourceVersionDate "2018.10.10"]
[SourceQuality "1"]

1. e4 e5 2. Nf3 Nc6 3. Bc4 Bc5 4. c3 Nf6 5. d3 0-0 6. 0-0 d5 7. Bb3 dxe4 8. dxe4 Nxe4 9. Bd5 Nf6 10. Bc4 Bg4 11. Be2 Qe7 12. Qc2 e4 13. Ng5 h6 14. Bxg4 hxg5 15. Bxg5 Rfe8 16. Na3 Qe5 17. Bxf6 Qxf6 18. Nc4 Qf4 19. Bh3 Rad8 20. Kh1 Ne5 21. g3 Qh6 22. Bg2 Nxc4 23. Bxe4 Nd2 24. Rfe1 Bxf2 25. Re2 Bxg3 26. Bh7+ Kh8 27. Rg2 Re1+ 28. Rxe1 Bxe1 29. Bf5 Bh4 30. Qa4 Nf3 31. Qc2 Rd2 32. Rxd2 Nxd2 33. Qd3 g6 34. Qd7 gxf5 35. Qxf7 Nf3 36. Qe8+ Kh7 37. Qf7+ Qg7 38. Qxf5+ Qg6 39. Qxf3 Qb1+ 40. Kg2 Kg6 41. Qg4+ Bg5 42. Qe6+ Kg7 43. Qe5+ Bf6 44. Qxc7+ Kg6 45. Qg3+ Kf5 46. Qf3+ Ke5 47. Qh5+ Qf5 48. Qe8+ Qe6 49. Qb5+ Qd5+ 0-1

[Event "Madrid San Viator op-B 29th"]
[Site "Madrid"]
[Date "2017.11.01"]
[Round "7"]
[White "Garcia Hernandez, Armando"]
[Black "Moreno Payo, Jesus"]
[Result "1-0"]
[WhiteElo "1411"]
[BlackElo "1094"]
[PlyCount "69"]
[EventDate "2017.09.17"]
[EventType "swiss"]
[EventRounds "9"]
[EventCountry "ESP"]
[SourceTitle "EXT 2019"]
[Source "ChessBase"]
[SourceDate "2018.10.10"]
[SourceVersion "1"]
[SourceVersionDate "2018.10.10"]
[SourceQuality "1"]

1. Nf3 d5 2. d4 Nf6 3. g3 Bf5 4. Bg2 e6 5. 0-0 Be7 6. Nc3 Nbd7 7. Ne5 Nxe5 8. dxe5 Ne4 9. Nxe4 Bxe4 10. Bxe4 dxe4 11. Qxd8+ Rxd8 12. Be3 b6 13. Rad1 0-0 14. f3 exf3 15. exf3 Rxd1 16. Rxd1 Rd8 17. Rxd8+ Bxd8 18. b4 a6 19. h4 h5 20. Kg2 f6 21. f4 f5 22. c4 b5 23. cxb5 axb5 24. Bc5 Kf7 25. Kf3 g6 26. Ke3 Be7 27. Kd4 c6 28. Bxe7 Kxe7 29. Kc5 Kd7 30. Kb6 c5 31. Kxc5 Kc7 32. Kxb5 Kb7 33. Kc5 Kc7 34. a4 Kd7 35. Kb6 1-0

[Event "Madrid San Viator op-B 29th"]
[Site "Madrid"]
[Date "2017.10.22"]
[Round "5"]
[White "Moreno Payo, Jesus"]
[Black "Cortijo Manso, Luis"]
[Result "0-1"]
[WhiteElo "1094"]
[BlackElo "1555"]
[PlyCount "120"]
[EventDate "2017.09.17"]
[EventType "swiss"]
[EventRounds "9"]
[EventCountry "ESP"]
[SourceTitle "EXT 2019"]
[Source "ChessBase"]
[SourceDate "2018.10.10"]
[SourceVersion "1"]
[SourceVersionDate "2018.10.10"]
[SourceQuality "1"]

1. e4 e6 2. d4 d5 3. e5 c5 4. c3 Nc6 5. Nf3 Qb6 6. Bd3 Bd7 7. Bc2 cxd4 8. cxd4 Nge7 9. Nc3 Nf5 10. Na4 Qc7 11. b3 Nb4 12. Bd3 Nxd3+ 13. Qxd3 a6 14. Qc3 Qxc3+ 15. Nxc3 Be7 16. Bg5 Bxg5 17. Nxg5 Nxd4 18. 0-0 0-0 19. Na4 Bxa4 20. bxa4 Rfc8 21. Kh1 Rc2 22. Rac1 Rac8 23. Rcd1 Nc6 24. Nf3 Rxa2 25. Ra1 Rc2 26. Rac1 Nb4 27. Rxc2 Rxc2 28. Rb1 a5 29. Nd4 Rxf2 30. Rc1 g6 31. h3 Rd2 32. Nf3 Rc2 33. Ra1 Na6 34. Nd4 Rc4 35. Nb5 Nc5 36. Nd6 Rb4 37. Rc1 Nd3 38. Rf1 Nxe5 39. Rd1 d4 40. Ne4 d3 41. Nc5 b6 42. Nxd3 Nxd3 43. Rxd3 Rxa4 44. Rb3 Rb4 45. Ra3 a4 46. Kg1 b5 47. Kf1 e5 48. g4 Kg7 49. Kf2 h6 50. h4 Rxg4 51. h5 Rb4 52. Ra1 g5 53. Kf3 Kf6 54. Kg3 Ke6 55. Rc1 Rc4 56. Rb1 b4 57. Kf2 a3 58. Ke2 a2 59. Ra1 b3 60. Kd3 Rc2 0-1